<?xml version="1.0" encoding="UTF-8"?>
<record
    xmlns:xsi="http://www.w3.org/2001/XMLSchema-instance"
    xsi:schemaLocation="http://www.loc.gov/MARC21/slim http://www.loc.gov/standards/marcxml/schema/MARC21slim.xsd"
    xmlns="http://www.loc.gov/MARC21/slim">

  <leader>00424    a2200121   4500</leader>
  <controlfield tag="001">ART_57430</controlfield>
  <controlfield tag="005">20260410161800.0</controlfield>
  <controlfield tag="008">260409a                                 </controlfield>
  <datafield tag="245" ind1="1" ind2="0">
    <subfield code="a">Apuntes en torno a la amnist&#xED;a fiscal y el deber de informar. Resoluci&#xF3;n general 4816, art&#xED;culo 59</subfield>
  </datafield>
  <datafield tag="100" ind1="1" ind2=" ">
    <subfield code="a">Iglesias Araujo, Fabiana</subfield>
  </datafield>
  <datafield tag="700" ind1="1" ind2=" ">
    <subfield code="a">Coronello, Silvina E.</subfield>
  </datafield>
  <datafield tag="773" ind1="0" ind2=" ">
    <subfield code="t">Doctrina tributaria</subfield>
    <subfield code="g">- N&#xB0; 513 (dic. 2022)</subfield>
    <subfield code="w">REV4296</subfield>
  </datafield>
  <datafield tag="999" ind1=" " ind2=" ">
    <subfield code="c">20546</subfield>
    <subfield code="d">20546</subfield>
  </datafield>
</record>
